00513nam a2200109Ia 4500008004100000245025000041260002900291260000900320300000600329650001300335856005500348170516s9999 xx 000 0 und d aBiodegradable Polymersomes for the Delivery of Gemcitabine to Panc-1 Cells, Nimil Sood, Walter T. Jenkins, Xiang-Yang Yang, Nikesh N. Shah, Joshua S. Katz, Cameron J. Koch, Paul R. Frail, Michael J. Therien, Daniel A. Hammer, and Sydney M. Evans bJournal of Pharmaceutics c2013 a: xPharmacy uhttps://www.hindawi.com/journals/jphar/contents/3/